| 000 | 01513nam a2200241Ia 4500 | ||
|---|---|---|---|
| 999 |
_c51921 _d51921 |
||
| 001 | 18921 | ||
| 003 | GE_BSU | ||
| 005 | 20210422143007.0 | ||
| 008 | 181216s2013||||ge |||||||||||||| ||geo|| | ||
| 040 | _cGE_BSU | ||
| 041 | _ageo | ||
| 080 | _a63 დ-15 | ||
| 100 |
_aდავითაძე, რუსლან _92892 |
||
| 245 |
_aაჭარის დაცული ტერიტორიების ტყის მცენარეულობა (მრავალფეროვნება, ტიპოლოგია, ეკოლოგია) / _cრუსლან დავითაძე; სამეცნიერო ხელმძღვანელი ზ. მანველიძე; ბათუმის შოთა რუსთაველის სახ-ფო უნ-ტი. |
||
| 264 |
_aბათუმი, _c2013. |
||
| 300 |
_a215 გვ. ; _b30 სმ. |
||
| 653 | _aაჭარის დაცული ტერიტორიების ტყის მცენარეულობა (მრავალფეროვნება, ტიპოლოგია, ეკოლოგია) | ||
| 653 | _aდისერტაცია | ||
| 653 | _aსოფლის მეურნეობა | ||
| 700 |
_aმანველიძე, ზ. _eსამეცნიერო ხელმძღვანელი _911553 |
||
| 710 |
_aბათუმის შოთა რუსთაველის სახ-ფო უნ-ტი. _911554 |
||
| 942 |
_cBK _2udc |
||